000 00756nam a2200289Ia 4500
005 20260324133344.0
008 008 260324s9999 xx 000 0 eng d
020 _a9781003547938
037 _aEBOOK
040 _aCRL
040 _beng
040 _cCRL
041 _2eng
041 _aeng
084 _qCRL
100 _aSteven G. Medema; Marianne Johnson; Warren J. Samuels
_91192764
245 4 _aThe Foundations of the American Economy Vol 5
245 4 _bThe American Colonies from Inception to Independence
260 _bTaylor and Francis
260 _c2003
365 _a
365 _b255
856 _uhttp://www.taylorfrancis.com/books/9781003547938
942 _cEBOOK
999 _c1791730
_d1791730